Nombra una capital europea válida - Estadísticas

Estadísticas generales
  • Esta prueba ha sido intentada 9.591 veces
    6.591 desde el último reinicio
  • La puntuación promedio es 12 de 20
Estadísticas de respuestas
Nombra una capital europea que... # Capitales % Correcto
es una de las 4 «capitales de la moda» del mundo 2 París | Londres
99%
tiene una temperatura media de 6,0ºC o menor 4 Reikiavik | Moscú | Helsinki | Tallin
90%
sólo tiene 4 letras en su nombre 4 Kiev | Oslo | Riga | Roma
89%
está a más de 450 km de cualquier otra capital del mundo 7 Reikiavik | Moscú | Lisboa | Andorra la Vieja | Madrid | Atenas | Dublin
78%
es la capital de un país limítrofe con Grecia 3 Skopie | Sofía | Tirana
76%
es la capital de un país que formaba parte de Yugoslavia 7 Belgrado | Liubliana | Podgorica | Pristina | Sarajevo | Skopie | Zagreb
74%
es la capital de un país cuyo nombre contiene "land" 3 Dublín | Helsinki | Reikiavik
72%
está al menos a 400 km del mar 4 Moscú | Budapest | Kiev | Minsk
70%
está en la UE, pero no utiliza el euro 7 Bucarest | Budapest | Copenhague | Estocolmo | Praga | Sofía | Varsovia
61%
está al oeste del Primer Meridiano 5 Reikiavik | Lisboa | Dublin | Madrid | Londres
58%
ha acogido los Juegos Olímpicos de Invierno 2 Oslo | Sarajevo
53%
contiene la letra K (pero no empieza por K) 4 Helsinki | Minsk | Reikiavik | Skopie
52%
se adivina menos del 45% de las veces en el quiz de las «Capitales de Europa» 5 Vaduz | Chișinău | Skopie | Podgorica | Pristina
49%
es una de las 2 ciudades del mundo más propicias para el uso de la bicicleta 2 Copenhague | Ámsterdam
41%
está en el río Danubio 4 Bratislava | Belgrado | Budapest | Viena
39%
tiene una altitud superior a 500 m 5 Andorra la Vieja | Madrid | Sofía | Berna | Sarajevo
38%
es una de las tres capitales del Parlamento Europeo 2 Bruselas | Luxemburgo
37%
recibe menos de 50 cm de precipitaciones anuales 3 Atenas | Madrid | Skopie
35%
está a menos de 500 km del Mar Negro 4 Chișinău | Bucarest | Kiev | Sofía
34%
cuya lengua materna no es indoeuropea 4 Budapest | Helsinki | Tallin | La Valeta
29%
No se encontraron pruebas coincidentes
Distribución de puntuación
Porcentaje de gente con cada puntuación
Porcentaje por número respondido
Historial de tus puntuaciones
No has intentado esta prueba desde el último reinicio